| 000 | 02030nam a2200385 a 4500 | ||
|---|---|---|---|
| 001 | ebr10481788 | ||
| 003 | CaPaEBR | ||
| 006 | m u | ||
| 007 | cr cn||||||||| | ||
| 008 | 110113s2011 enka sb 001 0 eng d | ||
| 010 | _z 2011000112 | ||
| 020 | _z9781409407461 | ||
| 020 | _z9781409407478 (e-book) | ||
| 040 |
_aCaPaEBR _cCaPaEBR |
||
| 035 | _a(OCoLC)747411138 | ||
| 043 | _aa-tu--- | ||
| 050 | 1 | 4 |
_aHC495.P6 _bE76 2011eb |
| 082 | 0 | 4 |
_a339.4/60949618 _222 |
| 100 | 1 | _aEroglu, Sebnem. | |
| 245 | 1 | 0 |
_aBeyond the resources of poverty _h[electronic resource] : _bGecekondu living in the Turkish capital / _cSebnem Eroglu. |
| 260 |
_aFarnham, England ; _aBurlington, Vt. : _bAshgate, _cc2011. |
||
| 300 |
_ax, 284 p. : _bill. |
||
| 490 | 1 | _aCities and society series | |
| 504 | _aIncludes bibliographical references and index. | ||
| 505 | 0 | _aIntroduction -- Conceptualising household responses to poverty : a critical perspective -- Explaining household responses to poverty : towards an improved framework -- Researching gecekondu households : the method, setting and respondents -- Income generation and diversification -- Income allocation, investment and consumption -- Understanding short-term change in poverty -- The Ayhans : a relatively better off household -- The Hikmets : a moderately deprived household -- The Cansevers : a worse off household -- Conclusion. | |
| 533 |
_aElectronic reproduction. _bPalo Alto, Calif. : _cebrary, _d2013. _nAvailable via World Wide Web. _nAccess may be limited to ebrary affiliated libraries. |
||
| 650 | 0 |
_aPoverty _zTurkey _zIstanbul. |
|
| 650 | 0 |
_aPoor _zTurkey _zIstanbul. |
|
| 650 | 0 |
_aSquatters _zTurkey _zIstanbul _zIstanbul _vCase studies. |
|
| 650 | 0 |
_aSquatter settlements _zTurkey _zIstanbul _vCase studies. |
|
| 655 | 7 |
_aElectronic books. _2local |
|
| 710 | 2 | _aebrary, Inc. | |
| 830 | 0 | _aCities and society series. | |
| 856 | 4 | 0 |
_uhttp://site.ebrary.com/lib/rucke/Doc?id=10481788 _zAn electronic book accessible through the World Wide Web; click to view |
| 999 |
_c225064 _d225064 |
||